000
00305nam a2200145Ia 4500
100
_a
Gopal/ Arpita
650
_a
MIS
942
_c
BK
245
_a
MIS for strategic business processes
260
_b
Excel Books
_c
2008
082
_b
GOP
300
_a
422
546
_a
ENGLISH
_c
Info.Tech
999
_c
28218
_d
28218